The noble scholar, jurist, historian


 His Excellency Dr. Abdul Wahhab bin Ibrahim Abu Sulaiman, may Allah have mercy on him.


 He was born in Umm Al-Qura in the year 1356 AH.

فتاوى البلقيني، [المسماة]، التجرد والاهتمام بجمع فتاوى الوالد شيخ الإسلام / (Record no. 7190)

MARC details
000 -LEADER
fixed length control field 01369cam a22002891i 4500
003 - CONTROL NUMBER IDENTIFIER
control field OStSA-RiAUC
005 - DATE AND TIME OF LATEST TRANSACTION
control field 20250419115512.0
008 - FIXED-LENGTH DATA ELEMENTS--GENERAL INFORMATION
fixed length control field 250409s2014____le g 000 0 ara c
020 ## - INTERNATIONAL STANDARD BOOK NUMBER
Canceled/invalid ISBN 9789773751256
035 ## - SYSTEM CONTROL NUMBER
System control number AUC_OC_1052085
040 ## - CATALOGING SOURCE
Original cataloging agency SA-JeALM
Language of cataloging ara
Transcribing agency SA-RiAUC
Description conventions rda
082 04 - DEWEY DECIMAL CLASSIFICATION NUMBER
Classification number 258.3
Assigning agency SA-RiAUC
090 ## - LOCALLY ASSIGNED LC-TYPE CALL NUMBER (OCLC); LOCAL CALL NUMBER (RLIN)
Classification number (OCLC) (R) ; Classification number, CALL (RLIN) (NR) 258.3
Local cutter number (OCLC) ; Book number/undivided call number, CALL (RLIN) ب ل ق
100 1# - MAIN ENTRY--PERSONAL NAME
Personal name البلقيني، صالح بن عمر بن رسلان،
Dates associated with a name 791-868 هجري
Relator term مؤلف.
245 10 - TITLE STATEMENT
Title فتاوى البلقيني، [المسماة]، التجرد والاهتمام بجمع فتاوى الوالد شيخ الإسلام /
Statement of responsibility, etc. سراج الدين أبو حفص عمر بن رسلان الكناني العسقلاني البلقيني ؛ تحقيق عبد الرحمن فهمي الزواوي ؛ جمع صالح بن عمر بن رسلان البلقيني.
250 ## - EDITION STATEMENT
Edition statement الطبعة الأولى.
264 #1 - PRODUCTION, PUBLICATION, DISTRIBUTION, MANUFACTURE, AND COPYRIGHT NOTICE
Place of production, publication, distribution, manufacture بيروت :
Name of producer, publisher, distributor, manufacturer دار المنهاج،
Date of production, publication, distribution, manufacture, or copyright notice 2014
300 ## - PHYSICAL DESCRIPTION
Extent 1120 صفحة ؛
Dimensions 24 سم.
336 ## - CONTENT TYPE
Content type term نص
Content type code txt
Source rdacontent
Materials specified كتاب
337 ## - MEDIA TYPE
Media type term بدون وسيط
Media type code n
Source rdamedia
338 ## - CARRIER TYPE
Carrier type term مجلد
Carrier type code nc
Source rdacarrier
490 0# - SERIES STATEMENT
Series statement سلسلة فتاوى فقهية ؛
Volume/sequential designation 3
650 #7 - SUBJECT ADDED ENTRY--TOPICAL TERM
Topical term or geographic name entry element الفقه الشافعي
Source of heading or term aucsh
700 1# - ADDED ENTRY--PERSONAL NAME
Personal name الزواوي، عبد الرحمن فهمي محمد
Relator term محقق.
942 ## - ADDED ENTRY ELEMENTS (KOHA)
Source of classification or shelving scheme Dewey Decimal Classification
Koha item type Books
Suppress in OPAC No
949 ## - LOCAL PROCESSING INFORMATION (OCLC)
a SA-JeALM
d 250409
u mohamedma123
n 1
Holdings
Withdrawn status Lost status Source of classification or shelving scheme Damaged status Not for loan Home library Current library Date acquired Total checkouts Full call number Barcode Date last seen Price effective from Koha item type
    Dewey Decimal Classification     DR AbdElwahab Library DR AbdElwahab Library 04/19/2025   258.3 ب ل ق 000012104 04/19/2025 04/19/2025 Books